2024/25 PSG 5-0 Inter XI's - Statistics

General Stats
  • This quiz has been taken 169 times
  • The average score is 18 of 22
Answer Stats
Hint Answer % Correct
10 Ousmane Dembele
100%
14 Desire Doue
99%
1 Gianluigi Donnarumma
99%
17 Vitinha
99%
5 Marquinhos
98%
25 Nuno Mendes
98%
51 William Pacho
98%
2 Achraf Hakimi
97%
87 Joao Neves
97%
8 Fabian Ruiz
94%
7 Khvicha Kvaratskhelia
94%
1 Yann Sommer
90%
10 Lautaro Martinez
85%
9 Marcus Thuram
83%
95 Alessandro Bastoni
73%
2 Denzel Dumfries
72%
23 Nicolo Barella
72%
32 Federico Dimarco
71%
15 Francesco Acerbi
69%
28 Benjamin Pavard
47%
20 Hakan Calhanoglu
45%
22 Henrikh Mkhitaryan
34%
No matching quizzes found
Score Distribution
Percent of People with Each Score
Percentile by Number Answered
Your Score History
You have not taken this quiz